Normal view
MARC view
Entry Nombre personal
001 - NÚMERO DE CONTROL
- campo de control: 111702
003 - IDENTIFICADOR DE NÚMERO DE CONTROL
- campo de control: DLC
005 - FECHA Y HORA DE LA ÚLTIMA TRANSACCIÓN
- campo de control: 20260429115742.0
008 - ELEMENTOS DE DATO DE LONGITUD-FIJA
- campo de control de longitud fija: 870309n| azannaab |a aaa
010 ## - NÚMERO DE CONTROL DE LA BIBLIOTECA DEL CONGRESO
- Número de control de LC: n 86029388
040 ## - FUENTE DE CATALOGACIÓN
- Centro catalogador/agencia de origen: DLC
- Lengua de catalogación: spa
- Centro/agencia transcriptor: DLC
- Centro/agencia modificador: DLC
- Centro/agencia modificador: M-RABA
100 1# - ENCABEZAMIENTO-NOMBRE DE PERSONA
- Nombre de persona: Ciancio, Angela
670 ## - FUENTE DE DATOS ENCONTRADOS
- Cita de la fuente: Parco archeologico di Monte Sannace : guida alla visita, 1995:
- Información encontrada: cred. (Angela Ciancio)